[Event "Skopje ol (Men) prel"]
[Site "Skopje"]
[Date "1972.??.??"]
[Round "3"]
[White "Wibe, Terje"]
[Black "Bilek, Istvan"]
[Result "0-1"]
[WhiteElo "2390"]
[BlackElo "2485"]

1.e4 g6 2.d4 Bg7 3.Nc3 d6 4.Be3 c6 5.Bc4 Nf6 6.Bb3 Ng4 7.Bc1 O-O 8.f3 Nf6
9.Be3 Nbd7 10.Qd2 b5 11.h4 a5 12.a3 Nb6 13.Bh6 b4 14.Nd1 a4 15.Ba2 bxa3 16.h5 axb2
17.Nxb2 Bxh6 18.Qxh6 g5 19.Qxg5+ Kh8 20.Nh3 Rg8 21.Qd2 Bxh3 22.Rxh3 d5 23.Nd3 Nfd7
24.Kf2 e6 25.c3 Rb8 26.e5 Qe7 27.Nb4 Rbc8 28.Bb1 c5 29.Nc2 cxd4 30.cxd4 Nc4
31.Qh6 f6 32.exf6 Nxf6 33.Rxa4 Rb8 34.Nb4 Rgf8 35.Nc6 Ng4+ 36.Ke2 Nxh6 37.Nxe7 Rxb1
38.Ra7 Rb2+  0-1

[Event "Skopje ol (Men) fin-B"]
[Site "Skopje"]
[Date "1972.??.??"]
[Round "3"]
[White "Cornelis, Frans B"]
[Black "Wotulo, Max"]
[Result "0-1"]
[WhiteElo "2320"]
[BlackElo "2330"]

1.e4 g6 2.d4 Bg7 3.Nc3 d6 4.Be3 Nd7 5.Qd2 c6 6.f3 h5 7.Nh3 Nb6 8.Nf2 Nf6
9.Be2 Qc7 10.O-O-O Be6 11.Kb1 Nc4 12.Bxc4 Bxc4 13.Nd3 a5 14.e5 Nd5 15.Nxd5 cxd5
16.Rhe1 Bxd3 17.Qxd3 dxe5 18.dxe5 e6 19.Qb5+ Qc6 20.Qxc6+ bxc6 21.Bc5 Kd7
22.c4 Rhb8 23.Rd4 Bf8 24.Bxf8 Rxf8 25.cxd5 cxd5 26.Re3 Rfc8 27.Rb3 Rab8 28.Rxb8 Rxb8
29.Ra4 Rb5 30.Kc2 Kc6 31.Rf4 Kc5 32.Rxf7 Kd4 33.Rf6 Rb6 34.Rxg6 Ke3 35.Rg8 d4
36.Rd8 Rc6+ 37.Kd1 d3 38.f4 Rc2 39.Rg8 h4 40.Rd8 Rf2  0-1

[Event "Skopje ol (Men) fin-C"]
[Site "Skopje"]
[Date "1972.??.??"]
[Round "3"]
[White "Hay, Trevor"]
[Black "Jamieson, Peter Michael"]
[Result "0-1"]
[WhiteElo "2200"]
[BlackElo "2200"]

1.e4 g6 2.d4 Bg7 3.Nc3 d6 4.Nf3 Nf6 5.Be2 O-O 6.O-O c6 7.Bg5 Bg4 8.Qd2 Nbd7
9.Rad1 b5 10.e5 Ne8 11.h3 Bxf3 12.Bxf3 d5 13.a4 b4 14.Ne2 Rb8 15.Nf4 h6 16.e6 hxg5
17.exd7 Qxd7 18.Nd3 Bxd4 19.c3 bxc3 20.bxc3 Bf6 21.Nb4 Nd6 22.Rfe1 a5 23.Nd3 Nc4
24.Qc2 Qd6  0-1

[Event "Skopje ol (Men) prel"]
[Site "Skopje"]
[Date "1972.??.??"]
[Round "3"]
[White "German, Eugenio Maciel"]
[Black "Kleopas, George"]
[Result "1-0"]
[WhiteElo "2200"]
[BlackElo "2200"]

1.e4 g6 2.d4 Bg7 3.Nc3 d6 4.Nf3 Nc6 5.Be3 e5 6.Bb5 Bd7 7.O-O a6 8.Be2 Bg4
9.dxe5 Bxf3 10.Bxf3 Nxe5 11.Be2 Nf6 12.f4 Nc6 13.Bf3 O-O 14.Qd2 Qe8 15.Rfe1 Rd8
16.Rad1 Qe6 17.Kh1 Ng4 18.Bg1 h5 19.h3 Nf6 20.Bf2 Nb8 21.e5 dxe5 22.Qxd8 Rxd8
23.Rxd8+ Kh7 24.Rxb8 Qf5 25.fxe5 Nd7 26.e6 fxe6 27.Rxb7 Qxc2 28.Ne4 Be5 29.Kg1 Kg7
30.Ng5 Qf5 31.h4 Nf6 32.Rxe5 Qxe5 33.Rxc7+ Kg8 34.Rc8+ Kg7 35.Rd8 Qxb2 36.Bd4 Qc1+
37.Kh2 Qc7+ 38.Kh3 Qe7 39.Be5 Qa7  1-0

[Event "Skopje ol (Men) prel"]
[Site "Skopje"]
[Date "1972.??.??"]
[Round "3"]
[White "Thorsteinsson, Thorsteinn"]
[Black "Raizman, Maurice"]
[Result "1-0"]
[WhiteElo "2415"]
[BlackElo "2200"]

1.e4 g6 2.d4 Bg7 3.Nc3 d6 4.f4 Nf6 5.Nf3 c6 6.Bd3 O-O 7.f5 b5 8.a3 Nbd7 9.O-O Bb7
10.fxg6 hxg6 11.Qe1 Qb6 12.Kh1 e5 13.dxe5 dxe5 14.Qh4 a5 15.Bd2 Qc7 16.Bh6 b4
17.Nd1 Nh5 18.Bxg7 Kxg7 19.axb4 axb4 20.Rxa8 Bxa8 21.Qe7 Qd8 22.Qxb4 Nf4
23.Qd6 f6 24.Ne3 Nb6 25.Qb4 Rf7 26.Qc3 Na4 27.Qb4 Nb6 28.Ra1 Bb7 29.Qc3 Rd7
30.Nxe5 fxe5 31.Qxe5+ Qf6 32.Qxf6+ Kxf6 33.Rf1 Kg5 34.h4+ Kxh4 35.Rxf4+ Kg5
36.Rg4+ Kf6 37.e5+ Kxe5 38.Rxg6 Kf4 39.Nc4 Na4 40.g3+  1-0

[Event "Skopje ol (Men) fin-D"]
[Site "Skopje"]
[Date "1972.??.??"]
[Round "4"]
[White "Krstic, Slobodan"]
[Black "Kleopas, George"]
[Result "1/2-1/2"]
[WhiteElo "2200"]
[BlackElo "2200"]

1.e4 g6 2.d4 Bg7 3.Nc3 d6 4.Bc4 Nf6 5.f3 O-O 6.Be3 Nc6 7.Nge2 e5 8.d5 Ne7
9.Qd2 Ne8 10.g4 f5 11.gxf5 gxf5 12.O-O-O f4 13.Bf2 a6 14.Rdg1 Kh8 15.h4 Bd7
16.Rg2 b5 17.Bd3 b4 18.Nb1 a5 19.Ng1 c5 20.Nh3 Qc8 21.Ng5 c4 22.Bf1 Rb8  1/2-1/2

[Event "Skopje ol (Men) fin-C"]
[Site "Skopje"]
[Date "1972.??.??"]
[Round "4"]
[White "Moles, John"]
[Black "Williams, Arthur H"]
[Result "1/2-1/2"]
[WhiteElo "2270"]
[BlackElo "2390"]

1.e4 g6 2.d4 d6 3.Nc3 Bg7 4.f4 Nf6 5.Nf3 O-O 6.Bd3 Nc6 7.O-O Bg4 8.e5 Ne8
9.Be3 Nb4 10.h3 Bxf3 11.Qxf3 Nxd3 12.cxd3 c6 13.Rad1 Qd7 14.g4 f5 15.g5 e6
16.Rf2 Rf7 17.h4 Bf8 18.Rh2 dxe5 19.dxe5 Ng7 20.Rc2 Qd8 21.Qf2 Qa5  1/2-1/2

[Event "Skopje ol (Men) prel"]
[Site "Skopje"]
[Date "1972.??.??"]
[Round "4"]
[White "Campos Lopez, Mario"]
[Black "Sigurjonsson, Gudmundur"]
[Result "1/2-1/2"]
[WhiteElo "2200"]
[BlackElo "2480"]

1.e4 g6 2.d4 Bg7 3.Nc3 d6 4.f3 c6 5.Be3 b5 6.Qd2 Nd7 7.Nh3 Bb7 8.Be2 Qc7
9.O-O Ngf6 10.Kh1 O-O 11.Bh6 e5 12.Bxg7 Kxg7 13.a3 Qb6 14.Rad1 Rad8 15.Nf2 a5
16.f4 Rfe8 17.fxe5 dxe5 18.dxe5 Nxe5 19.Qf4 Rxd1 20.Nfxd1 Qd8 21.Ne3 Bc8
22.h3 Qe7 23.a4 b4 24.Ncd1 Rd8 25.Nf2 Rd4 26.b3 c5 27.Bd3 Qd6 28.Kg1 Be6
29.Be2 Nc6 30.Qf3 Ne5 31.Qf4 Nfd7 32.Qg5 h6 33.Qf4 c4 34.bxc4 Nxc4 35.Qxd6 Nxd6
36.Rd1 Rxd1+ 37.Nexd1 Nc5 38.e5 Nf5 39.Bb5 Bd7 40.Ne4 Bxb5 41.Nxc5 Bc6 42.c3 bxc3
43.Nxc3 Ne3 44.g3 Nc4 45.Nb3 Bd7 46.h4 f6 47.Nc5 Nxe5 48.Nd5 Kf7 49.Kf2 Be6
50.Nb6 Ke7 51.Nb7 Nc6 52.Kf3 g5 53.hxg5 fxg5 54.Ke4 Kf6 55.Nc5 Ba2 56.Nc8 Bc4
57.Nd6 Ba2 58.Nc8 Kg6 59.Nb6 Kh5 60.Kf3 Bb1 61.Nc4 Bc2 62.Kf2 Kg6 63.Ke3 Kf5
64.Na3 Bd1 65.Nc4 Bh5 66.Nb7 Bf7 67.Nbxa5 Nxa5 68.Nxa5 Kg4 69.Nc6 Kxg3 70.a5 Bd5
71.Ne7 Ba8 72.Nf5+ Kh3 73.Nxh6  1/2-1/2

[Event "Skopje ol (Men) prel"]
[Site "Skopje"]
[Date "1972.??.??"]
[Round "4"]
[White "Tatai, Stefano"]
[Black "Suttles, Duncan"]
[Result "1/2-1/2"]
[WhiteElo "2460"]
[BlackElo "2470"]

1.e4 g6 2.d4 d6 3.Nc3 Bg7 4.f4 Nf6 5.Nf3 c5 6.dxc5 Qa5 7.Bd3 Qxc5 8.Qe2 O-O
9.Be3 Qa5 10.O-O Bg4 11.h3 Bxf3 12.Qxf3 Nc6 13.a3 Nd7 14.Bd2 Qb6+ 15.Kh1 Nc5
16.Rab1 Nxd3 17.Qxd3 Rfc8 18.Nd5 Qd4 19.Qe2 f5 20.Nc3 Qf6 21.Be3 Qf7 22.exf5 gxf5
23.Qd3 Na5 24.Nb5 Nc4 25.Bd4 e5 26.fxe5 dxe5 27.b3 exd4 28.bxc4 Qxc4 29.Qg3 Qxc2
30.Nd6 Rc3 31.Qg5 h6 32.Qg6 f4 33.Nf5 Rc7 34.Nxh6+ Kh8 35.Nf7+ Kg8 36.Nh6+ Kh8
37.Nf7+ Kg8 38.Nh6+  1/2-1/2

[Event "Skopje ol (Men) prel"]
[Site "Skopje"]
[Date "1972.??.??"]
[Round "4"]
[White "Toth, Peter"]
[Black "Rukavina, Josip"]
[Result "1/2-1/2"]
[WhiteElo "2200"]
[BlackElo "2480"]

1.e4 g6 2.d4 Bg7 3.Nc3 d6 4.Be3 c6 5.Qd2 Nd7 6.a4 Ngf6 7.Bh6 Bxh6 8.Qxh6 Qa5
9.Qd2 b5 10.Bd3 b4 11.Nce2 c5 12.Nf3 Bb7 13.d5 c4 14.Bxc4 Nxe4 15.Qd4 Nef6
16.Nf4 O-O 17.O-O Nb6 18.Rfd1 Nxc4 19.Qxc4 Rfc8 20.Qb3 Qc7 21.Qxb4 a5 22.Qe1 Qd7
23.Qd2 Rc5 24.Nd4 Nxd5 25.Nxd5 Rxd5 26.c4 Rh5 27.Qe3 Rc8 28.b3 Rcc5 29.f3 Ba8
30.Ra2 Qb7 31.Re2 Rce5 32.Qf2 Rxe2 33.Qxe2 Re5 34.Qf2 Qb4 35.Qd2 Qc5 36.Qf2 Rh5
37.h3 Bb7 38.Re1 Qg5 39.Qe3 e5 40.Nb5 Qg3 41.Qf2 Qxf2+ 42.Kxf2 d5 43.c5 e4
44.Rc1 Re5 45.c6 e3+ 46.Ke1 Bc8 47.Rc5 e2 48.Nd6 Be6 49.c7 Re3 50.Rxd5 Rc3
51.Nc4 Kg7 52.Rc5 Rxb3 53.c8=Q Bxc8 54.Rxc8 Rb4 55.Rc5 Rxa4 56.Nxa5 Ra2 57.Nb3 h6
58.Nd2 Rb2 59.Kxe2 Ra2 60.Ke3 Rb2 61.Rc7 Ra2 62.g3 Ra1 63.h4 Ra3+ 64.Kf4 Ra5
65.Ne4 Rf5+ 66.Ke3 Rd5 67.g4 Rd8 68.Kf4 Rd4 69.g5 hxg5+ 70.Ke5 Ra4 71.hxg5 Ra3
72.Kf4 Rd3 73.Nf6 Ra3 74.Rc8 Rxf3+ 75.Ke4 Re3+ 76.Kd4 Rd3+ 77.Ke5 Re3+ 78.Ne4 Re1
79.Rc2 Ra1 80.Rh2 Ra5+ 81.Kd6 Ra6+ 82.Kd7 Ra7+ 83.Kc8 Ra5 84.Rg2 Ra8+ 85.Kb7 Re8
86.Rg4 Rd8 87.Nf6 Rh8 88.Kc7 Rh1 89.Kd6 Kf8 90.Ra4 Rd1+  1/2-1/2

[Event "Skopje ol (Men) fin-D"]
[Site "Skopje"]
[Date "1972.??.??"]
[Round "4"]
[White "Petersen, Finn"]
[Black "Choon Foo, LC."]
[Result "1-0"]
[WhiteElo "2200"]
[BlackElo "2200"]

1.e4 d6 2.d4 g6 3.Nc3 Bg7 4.f4 Nf6 5.Nf3 O-O 6.Bd3 Nbd7 7.O-O c5 8.e5 dxe5
9.dxe5 Ne8 10.Be3 Nc7 11.Qe2 Ne6 12.Rad1 Rb8 13.Bc4 b6 14.Bxe6 fxe6 15.Ng5 Qe8
16.Nxe6 Kh8 17.Nxf8 Nxf8 18.Ne4 Bd7 19.c4 h5 20.h3 Bc6 21.Ng5 e6 22.Rd6 b5
23.Rfd1 bxc4 24.Rd8 Rxd8 25.Rxd8 Qe7 26.Qxc4 Be8 27.Rd6 Bf6 28.Qxc5 Bxg5
29.fxg5 Nd7 30.Qxa7  1-0

[Event "Skopje ol (Men) prel"]
[Site "Skopje"]
[Date "1972.??.??"]
[Round "4"]
[White "Zuidema, Coenraad"]
[Black "Fuller, Maxwell L"]
[Result "1-0"]
[WhiteElo "2430"]
[BlackElo "2280"]

1.e4 g6 2.d4 Bg7 3.Nc3 d6 4.f4 Nf6 5.Nf3 O-O 6.Bd3 Nc6 7.e5 dxe5 8.fxe5 Nh5
9.Be3 Bg4 10.Be2 f6 11.exf6 exf6 12.O-O f5 13.h3 Bxf3 14.Bxf3 Ng3 15.Bd5+ Kh8
16.Rf3 Ne4 17.Bxe4 fxe4 18.Rxf8+ Qxf8 19.Qd2 Rd8 20.Ne2 Qd6 21.c3 Rf8 22.Bf4 Qd7
23.Qe3 Re8 24.Rf1 b5 25.Bh6 Bxh6 26.Qxh6 Kg8 27.Ng3 Qd5 28.Qf4 e3 29.b3 Qd7
30.Ne4 Qe7 31.Nf6+ Kg7 32.Nxe8+ Qxe8 33.Re1 e2 34.d5 Nd8 35.Qxc7+ Nf7 36.Qxa7 Kg8
37.Qf2 Qe5  1-0

[Event "Skopje ol (Men) fin-A"]
[Site "Skopje"]
[Date "1972.??.??"]
[Round "5"]
[White "Radulov, Ivan"]
[Black "Timman, Jan H"]
[Result "1-0"]
[WhiteElo "2490"]
[BlackElo "2480"]

1.e4 d6 2.d4 g6 3.Nc3 Bg7 4.f4 Nf6 5.Nf3 O-O 6.Be3 c5 7.dxc5 Qa5 8.Qd2 dxc5
9.Bd3 Rd8 10.e5 c4 11.exf6 Bxf6 12.Ne4 Qxd2+ 13.Bxd2 cxd3 14.Nxf6+ exf6 15.Bc3 Re8+
16.Kf2 Bf5 17.Nd4 Be4 18.cxd3 Bxd3 19.Rhd1 Bc4 20.Kg1 Nd7 21.Nf5 Nb6 22.Nh6+ Kf8
23.Ng4 Nd5 24.Rxd5 Bxd5 25.Nxf6 Red8 26.Nxh7+ Ke8 27.Bb4 Kd7 28.Nf6+ Ke6
29.Bc3 a5 30.Re1+ Kd6 31.Be5+ Kc5 32.Rc1+ Kb5 33.Nxd5 Rxd5 34.Rc7 b6 35.Rxf7 g5
36.Bc3 g4 37.Rg7 Kc4 38.Rxg4 b5 39.h4 b4 40.Be5 a4 41.Rg3  1-0

[Event "Skopje ol (Men) fin-C"]
[Site "Skopje"]
[Date "1972.??.??"]
[Round "5"]
[White "Pritchett, Craig William"]
[Black "Delgado, Simon"]
[Result "1/2-1/2"]
[WhiteElo "2340"]
[BlackElo "2200"]

1.e4 g6 2.d4 Bg7 3.Nc3 d6 4.Be3 Nf6 5.Qd2 c6 6.f3 Nbd7 7.Bh6 O-O 8.O-O-O e5
9.Nge2 b5 10.h4 Qa5 11.h5 b4 12.Nb1 Bxh6 13.Qxh6 Qxa2 14.dxe5 dxe5 15.Rd6 a5
16.Qg5 a4 17.Rxf6 Nxf6 18.Qxf6 Qe6 19.Qh4 a3 20.hxg6 Qxg6 21.bxa3 bxa3 22.Nxa3 Rxa3
23.Qe7 Ra5 24.Nc3 Be6 25.g4 Ra1+ 26.Kb2 Rfa8 27.Rh5 Kh8 28.Bd3 R1a7 29.Qc5 Rb8+
30.Kc1 Ra1+ 31.Kd2 Qf6 32.Qxe5 Qxe5 33.Rxe5 Kg7 34.Rc5 Rb6 35.e5 Ra3 36.Be4 Raa6
37.Ne2 h6 38.Nf4 Kf8 39.Nd3 Ke7 40.c3 Ra2+ 41.Ke3 Ra8 42.Bxc6 Rc8 43.Nb4 f6
44.Kd4 fxe5+ 45.Kxe5 Bb3 46.f4 Be6 47.f5 Bb3 48.f6+ Kf8 49.Kd6 Kf7 50.c4 Rd8+
51.Kc7 Rxb4 52.Kxd8 Bxc4 53.Rxc4 Rxc4 54.Bd5+ Kxf6 55.Bxc4 h5 56.gxh5 Kg7  1/2-1/2

[Event "Skopje ol (Men) fin-B"]
[Site "Skopje"]
[Date "1972.??.??"]
[Round "5"]
[White "Quinones, Oscar Carillo"]
[Black "Wibe, Terje"]
[Result "0-1"]
[WhiteElo "2310"]
[BlackElo "2390"]

1.e4 g6 2.d4 Bg7 3.Nc3 d6 4.f4 Nf6 5.Nf3 O-O 6.Bd3 Nbd7 7.O-O c5 8.Kh1 cxd4
9.Nxd4 a6 10.Nf3 b5 11.a3 Bb7 12.Qe1 Nc5 13.Qh4 Ncxe4 14.Nxe4 Bxe4 15.Bxe4 Nxe4
16.f5 gxf5 17.Ng5 Nxg5 18.Bxg5 f6 19.Bd2 Rc8 20.Rxf5 Rxc2 21.Bc3 Qa8 22.Qg4 Rc8
23.Rf3 Rc7 24.Qe6+ Kh8 25.Re1 Bh6 26.Rg3 Qf8 27.h3 Rc1 28.Rxc1 Bxc1 29.Rg4 Bh6
30.a4 Bg7 31.axb5 axb5 32.Rb4 Qg8 33.Qe2 e5 34.Qxb5 d5 35.Rg4 d4 36.Ba5 Rf7
37.Bd2 f5 38.Rg3 Qc8 39.Rxg7 Rxg7 40.Qxe5 Qa8 41.Qe2 Qe4 42.Qf2 Kg8 43.b4 d3
44.Kg1 Qe2 45.Qxe2 dxe2 46.Kf2 Kf7 47.g3 Ke8 48.Be1 Re7 49.Kf3 Kd7 50.b5 Kd6
51.Bb4+ Kd5 52.Kf2 Re4 53.Be1 Kc5 54.Kf3 Re8  0-1

[Event "Skopje ol (Men) prel"]
[Site "Skopje"]
[Date "1972.??.??"]
[Round "5"]
[White "Hug, Werner"]
[Black "Kleopas, George"]
[Result "1-0"]
[WhiteElo "2475"]
[BlackElo "2200"]

1.e4 g6 2.d4 Bg7 3.Nc3 d6 4.Be2 Nc6 5.Be3 e5 6.dxe5 Nxe5 7.Qd2 Be6 8.h4 h5
9.Nh3 Nh6 10.Nf4 Bc4 11.f3 a6 12.Nd3 Be6 13.Nxe5 dxe5 14.O-O-O Qxd2+ 15.Rxd2 O-O
16.Nd5 Bxd5 17.Rxd5 Kh7 18.Rd7 Rac8 19.Rhd1 Bf6 20.g3 b5 21.a4 bxa4 22.Bxa6 Ra8
23.Bc5 Rfd8 24.Bb7 Rxd7 25.Rxd7 Rd8 26.Rxc7 g5 27.Be7 Bxe7 28.Rxe7 gxh4 29.gxh4 Rg8
30.Rxe5 Rg3 31.Rxh5 Rxf3 32.Ra5  1-0

[Event "Skopje ol (Men) prel"]
[Site "Skopje"]
[Date "1972.??.??"]
[Round "7"]
[White "Keene, Raymond D"]
[Black "Kleopas, George"]
[Result "1-0"]
[WhiteElo "2435"]
[BlackElo "2200"]

1.e4 g6 2.d4 Bg7 3.Nc3 d6 4.f4 c6 5.Nf3 Qb6 6.Be3 Nh6 7.h3 f5 8.e5 d5 9.Bd3 e6
10.O-O O-O 11.b3 Nd7 12.Bc1 Qd8 13.Ba3 Re8 14.Na4 b5 15.Nc5 a5 16.Nxd7 Bxd7
17.Bc5 Bf8 18.Bxf8 Rxf8 19.c4 bxc4 20.bxc4 Nf7 21.Rb1 Qc7 22.Qc2 Rfc8 23.Rfc1 Qd8
24.Qb2 Ra7 25.Qb6 Qxb6 26.Rxb6 h6 27.cxd5 exd5 28.e6 Bxe6 29.Rbxc6 Rxc6 30.Rxc6 Nd8
31.Rd6 Ra8 32.Ne5 Kg7 33.Rb6 Ra7 34.Rd6 Ra8 35.Bb5 a4 36.Nc6 Nxc6 37.Bxc6 Ra6
38.Rxe6 Kf7 39.Rd6  1-0

[Event "Skopje ol (Men) prel"]
[Site "Skopje"]
[Date "1972.??.??"]
[Round "7"]
[White "Kagan, Shimon"]
[Black "Choon Foo, LC."]
[Result "1-0"]
[WhiteElo "2425"]
[BlackElo "2200"]

1.e4 d6 2.d4 g6 3.Nc3 Bg7 4.f4 e6 5.Nf3 Ne7 6.Be3 Nd7 7.Qd2 Nf6 8.Bd3 d5
9.e5 Ng4 10.Bg1 O-O 11.h3 Nh6 12.g4 c6 13.Be3 Bd7 14.f5 Nhxf5 15.gxf5 Nxf5
16.Bxf5 exf5 17.Bh6 Qe7 18.O-O-O a5 19.h4 f6 20.Bxg7 Qxg7 21.h5 fxe5 22.hxg6 hxg6
23.Nxe5 Be8 24.Rh3 f4 25.Rdh1  1-0

[Event "Skopje ol (Men) fin-C"]
[Site "Skopje"]
[Date "1972.??.??"]
[Round "8"]
[White "Nakamori"]
[Black "Salinas"]
[Result "1/2-1/2"]
[WhiteElo "2200"]
[BlackElo "2200"]

1.e4 g6 2.d4 Bg7 3.Nc3 d6 4.f4 Nf6 5.Nf3 O-O 6.Bd3 c5 7.dxc5 dxc5 8.O-O Nc6
9.Be3 b6 10.h3 Bb7 11.Qe2 Nb4 12.e5 Nfd5 13.Nxd5 Nxd5 14.Bd2 Qc7 15.c3 Rac8
16.Rad1 Rfd8 17.Bc1 c4 18.Be4 Qc5+ 19.Kh1 b5 20.a3 a5 21.Nd4 b4 22.axb4 axb4
23.cxb4 Qxb4 24.Qf3 e6 25.Nc2 Qb5 26.Ne3 Bc6 27.Ng4  1/2-1/2

[Event "Skopje ol (Men) fin-B"]
[Site "Skopje"]
[Date "1972.??.??"]
[Round "9"]
[White "Trikaliotis, Georgios"]
[Black "Badilles, Glicerio"]
[Result "0-1"]
[WhiteElo "2200"]
[BlackElo "2270"]

1.e4 g6 2.d4 Bg7 3.Nc3 d6 4.Be3 Nf6 5.f3 Nbd7 6.Qd2 c6 7.h4 Qa5 8.Bd3 a6
9.Nge2 b5 10.Kf2 c5 11.Ng3 cxd4 12.Bxd4 Ng4+ 13.fxg4 Bxd4+ 14.Kf1 Be5 15.Nge2 h5
16.gxh5 Rxh5 17.Qe3 Nf6 18.g3 b4 19.Nd1 Ng4 20.Qf3 Qc5 21.a3 bxa3 22.Rxa3 Bxb2
23.Rb3 Be5 24.Nf4 Rh8 25.Kg2 Rh7 26.Nd5 Be6 27.Rb7 Bxd5 28.exd5 Nf6 29.Ne3 Nh5
30.Nc4 Bxg3 31.Rhb1 Rd8 32.Rf1 Bf4 33.Re1 f5 34.Re6 Rg7 35.Nb6 Be5  0-1

[Event "Skopje ol (Men) fin-C"]
[Site "Skopje"]
[Date "1972.??.??"]
[Round "11"]
[White "Westerinen, Heikki MJ"]
[Black "Williams, Arthur H"]
[Result "1-0"]
[WhiteElo "2450"]
[BlackElo "2390"]

1.e4 g6 2.d4 Bg7 3.Nc3 d6 4.Be3 Nf6 5.Qd2 Nc6 6.f3 O-O 7.O-O-O e5 8.d5 Ne7
9.g4 Ne8 10.h4 f5 11.g5 Bd7 12.h5 Qb8 13.Qh2 f4 14.Bd2 Rf7 15.hxg6 hxg6 16.Bh3 Bxh3
17.Nxh3 c5 18.Nf2 Qc8 19.Ng4 Qd7 20.Rdg1 Rc8 21.Be1 Rc7 22.Bh4 Kf8 23.Nh6 b5
24.Nxf7 Kxf7 25.Qh3 Qxh3 26.Rxh3 Rb7 27.b3 Nc8 28.Kd2 Nc7 29.a4 b4 30.Nd1 a5
31.Kd3 Nb6 32.Nb2 Rb8 33.Be1 Rc8 34.Rh2 Na6 35.Bf2 Kg8 36.Rc1 Kf7 37.c3 Kg8
38.Ke2 Rb8 39.Be1 Ra8 40.cxb4 Nxb4 41.Nd1 Nc8 42.Nc3 Rb8 43.Nb5 Rb7 44.Bc3 Na2
45.Kd2 Nxc3 46.Kxc3 Bf8 47.Rch1 Bg7 48.Rh3 Rf7 49.Rb1 Rb7 50.Rhh1 Bf8 51.Na3 Ra7
52.Nc4 Bg7 53.Rh2 Bf8 54.Rbh1 Bg7 55.Rh7 Ra6 56.Nb2 Nb6 57.Nd3 Nd7 58.Nf2 Nf8
59.R7h2 Kf7 60.Kc2 Rb6 61.Nd1 Rb7 62.Nb2 Rb6 63.Nc4 Ra6 64.Na3 Ra7 65.Kd3 Ke7
66.Kc4 Rb7 67.Nb5 Rd7 68.Ra2 Rb7 69.Kd3 Rb6 70.Na7 Rxb3+ 71.Ke2 Kd7 72.Nc6 Kc7
73.Nxa5  1-0

[Event "Skopje ol (Men) fin-C"]
[Site "Skopje"]
[Date "1972.??.??"]
[Round "15"]
[White "De la Cruz, G."]
[Black "Jamieson, Peter Michael"]
[Result "1/2-1/2"]
[WhiteElo "2200"]
[BlackElo "2200"]

1.e4 g6 2.d4 Bg7 3.Nc3 d6 4.Nf3 Nf6 5.Bc4 O-O 6.O-O Bg4 7.Be3 Nc6 8.h3 Bxf3
9.Qxf3 Nd7 10.Rad1 a6 11.a3 e5 12.Ne2 Qh4 13.d5 Ne7  1/2-1/2

[Event "Teeside"]
[Site "Teeside"]
[Date "1972.??.??"]
[Round "3"]
[White "Gligoric, Svetozar"]
[Black "Ljubojevic, Ljubomir"]
[Result "1/2-1/2"]
[WhiteElo "2600"]
[BlackElo "2510"]

1.d4 g6 2.e4 Bg7 3.Nc3 d6 4.f4 Na6 5.Nf3 Bg4 6.Be3 c6 7.h3 Bxf3 8.Qxf3 Nc7
9.O-O-O d5 10.e5 Qd7 11.g4 e6 12.Bd3 Ne7 13.Rhf1 h5 14.Ne2 hxg4 15.hxg4 f5
16.exf6 Bxf6 17.f5 gxf5 18.gxf5 Nxf5 19.Ng3 Rh3 20.Bxf5 exf5 21.Qg2 Rh7 22.Nxf5 O-O-O
23.Qg6 Qf7 24.Qg4 Kb8 25.Nh6 Qg7 26.Qf4 Be7 27.Nf5 Qg8 28.Rde1 Rc8 29.Rg1 Qf8
30.Qg4 Qf7 31.Nxe7 Qxe7 32.Bf4 Qd7 33.Qg6 Ka8 34.Be5 Ne6 35.Rh1 Re7  1/2-1/2

[Event "Teeside"]
[Site "Teeside"]
[Date "1972.??.??"]
[Round "7"]
[White "Tringov, Georgi P"]
[Black "Ree, Hans"]
[Result "1-0"]
[WhiteElo "2490"]
[BlackElo "2430"]

1.e4 g6 2.d4 Bg7 3.Nc3 d6 4.f4 Nf6 5.Nf3 c5 6.dxc5 Qa5 7.Bd3 Qxc5 8.Qe2 Nbd7
9.Be3 Qc7 10.O-O a6 11.Kh1 e5 12.fxe5 dxe5 13.Qe1 b6 14.Qh4 h6 15.Nd2 Bb7
16.a4 Bf8 17.Nc4 Be7 18.Qf2 Bc5 19.Nxb6 Qxb6 20.Bxc5 Qxc5 21.Qxc5 Nxc5 22.Rxf6 O-O
23.Bc4 Nxe4 24.Rxg6+ Kh7 25.Rb6 Nd2 26.Be2 Rab8 27.Kg1 Rg8 28.Bd3+ e4 29.Rxb7 Rxb7
30.Nxe4 Nf3+ 31.Kh1 Ne5 32.Nf6+ Kg7 33.Nxg8 Nxd3 34.cxd3 Kxg8 35.Rb1 Rb3
36.h3 a5 37.Rc1 Rxb2 38.Rc5 Rb3 39.d4 Rb4 40.Rxa5 Rxd4 41.Kg1 Rd1+ 42.Kf2 Ra1
43.Kf3 Kg7 44.h4 Ra3+ 45.Kf4 h5 46.Kg5 Rg3+ 47.Kxh5 f6 48.Ra7+ Kg8 49.a5 Rxg2
50.a6 Ra2 51.Kg6 Rg2+ 52.Kh6 Ra2 53.Rg7+  1-0

[Event "Teeside"]
[Site "Teeside"]
[Date "1972.??.??"]
[Round "7"]
[White "Sax, Gyula"]
[Black "Keene, Raymond D"]
[Result "1-0"]
[WhiteElo "2400"]
[BlackElo "2465"]

1.e4 g6 2.d4 Bg7 3.Nc3 d6 4.Be2 Nf6 5.h4 h5 6.f3 Nc6 7.Be3 O-O 8.Qd2 e5 9.d5 Nd4
10.Bxd4 exd4 11.Qxd4 c6 12.dxc6 bxc6 13.Qd2 Rb8 14.O-O-O Rxb2 15.Kxb2 Nxe4
16.fxe4 Qb6+ 17.Kc1 Qc5 18.Nb1 Be6 19.c3 Rb8 20.Nf3 Qa5 21.Qc2 Bxc3 22.Qxc3 Rxb1+
23.Kd2 Rb2+ 24.Kd3 Qa6+ 25.Ke3 Rxe2+ 26.Kf4 Rxg2 27.Rhg1 Rf2 28.Rxd6 Qb6
29.Rxe6  1-0

[Event "CSR-ch"]
[Site "Trinec"]
[Date "1972.??.??"]
[Round "4"]
[White "Novak, Ivan"]
[Black "Malis, Jiri"]
[Result "1-0"]
[WhiteElo "2200"]
[BlackElo "2220"]

1.e4 g6 2.d4 Bg7 3.Nc3 d6 4.f4 c6 5.Nf3 b5 6.Bd3 Bg4 7.Be3 Qb6 8.h3 Bxf3
9.Qxf3 b4 10.Ne2 Nf6 11.g4 Nbd7 12.f5 Rc8 13.Nf4 O-O 14.h4 e5 15.fxe6 fxe6
16.Qh3 Nxe4 17.Nxe6 d5 18.g5 Rf5 19.h5 Nf8 20.hxg6 hxg6 21.Nxg7 Kxg7 22.O-O-O b3
23.axb3 Qa5 24.Kb1 Re8 25.Rdf1 Rxf1+ 26.Rxf1 Kg8 27.Rh1 Qd8 28.Qh8+ Kf7 29.Rf1+ Ke7
30.Qg7+  1-0

[Event "IBM-B"]
[Site "Amsterdam"]
[Date "1973.??.??"]
[Round "3"]
[White "Van den Berg, AMJ."]
[Black "Jakobsen, Ole"]
[Result "0-1"]
[WhiteElo "2200"]
[BlackElo "2420"]

1.e4 g6 2.d4 Bg7 3.Nc3 d6 4.f4 Nc6 5.Nf3 Bg4 6.Bb5 Bxf3 7.gxf3 a6 8.Bxc6+ bxc6
9.O-O Nf6 10.Kh1 O-O 11.Rg1 e6 12.Ne2 Nd7 13.Qd3 Qb8 14.Be3 Qb7 15.Rad1 Rab8
16.Bc1 c5 17.c3 f5 18.e5 Rfe8 19.h4 Rbd8 20.Qe3 cxd4 21.cxd4 Kf7 22.Kg2 Nb6
23.Qb3 Rb8 24.Rd3 Qc6 25.Qd1 Nd5 26.Nc3 Red8 27.Nxd5 Qxd5 28.Qc2 dxe5 29.Qxc7+ Kg8
30.fxe5 Bxe5 31.Qe7 Rd7 32.Qa3 Bxd4 33.Rgd1 e5 34.Bf4 Rb6 35.Bh6 Qd6 36.Qxd6 Rdxd6
37.b3 Rdc6 38.f4 Rc2+ 39.Kh3 Rbc6 40.fxe5 R6c3 41.Bf4 Rxd3+ 42.Rxd3 Rc3 43.Rxc3 Bxc3
44.e6 Kg7 45.Bg5 Bb4 46.h5 gxh5 47.Kh4 Kg6 48.a4 h6 49.Bd8 Bd2 50.Kh3 Be1
51.Be7 a5 52.Bc5 Kf6 53.b4 Bxb4 54.e7 Kf7 55.Bxb4 axb4 56.a5 b3 57.a6 b2
58.a7 b1=Q 59.e8=Q+ Kxe8 60.a8=Q+ Ke7 61.Qa7+ Ke6 62.Qe3+ Kf7 63.Qa7+ Kg6
64.Kg3 Qe1+ 65.Kh2 h4 66.Qb6+ Kh5 67.Qf6 Qd2+ 68.Kh1 Qd5+ 69.Kh2 h3 70.Kxh3 Qh1+
71.Kg3 Qg1+  0-1

[Event "IBM-B"]
[Site "Amsterdam"]
[Date "1973.??.??"]
[Round "6"]
[White "Bellin, Robert"]
[Black "Keene, Raymond D"]
[Result "1/2-1/2"]
[WhiteElo "2320"]
[BlackElo "2445"]

1.e4 g6 2.d4 d6 3.Nc3 Bg7 4.f4 Nh6 5.Nf3 O-O 6.h3 c5 7.dxc5 dxc5 8.Qxd8 Rxd8
9.Bd2 Nc6 10.g4 Kf8 11.O-O-O Bd7 12.e5 f6 13.exf6 exf6 14.Ne4 b6 15.Bc4 Ne7
16.g5 Nhg8 17.Bc3 fxg5 18.Nfxg5 Bxc3 19.Nxc3 Nf6 20.Rd6 Neg8 21.Rhd1 Ke7
22.Nf7 Re8 23.Ne4 Bf5 24.Nxf6 Nxf6 25.Ng5 Red8 26.Rxd8 Rxd8 27.Re1+ Kf8 28.Ne6+ Bxe6  1/2-1/2

[Event "IBM-B"]
[Site "Amsterdam"]
[Date "1973.??.??"]
[Round "7"]
[White "Scholl, Eduard C"]
[Black "Jakobsen, Ole"]
[Result "1/2-1/2"]
[WhiteElo "2400"]
[BlackElo "2420"]

1.e4 g6 2.d4 Bg7 3.Nc3 d6 4.Bg5 c6 5.Qd2 b5 6.h3 Nd7 7.Nf3 Bb7 8.Bd3 Qc7
9.O-O Ngf6 10.Rfe1 e5 11.dxe5 dxe5 12.a4 a6 13.axb5 axb5 14.Qe3 h6 15.Rxa8+ Bxa8
16.Ra1 Bb7 17.Bh4 Nh5 18.Nd2 O-O 19.Nb3 Ra8 20.Rxa8+ Bxa8 21.f3 Nf4 22.Bf1 Ne6
23.Ne2 Bf8 24.Bf2 h5 25.Qa7 Qxa7 26.Bxa7 h4 27.Bf2 Be7 28.Nec1 Kf8 29.c3 Ke8
30.Nd2 Bb7 31.b4 Kd8 32.Nd3 Kc7 33.Be2 Bg5 34.Nb3 Bc8 35.Kf1 f6 36.Nbc5 Nb6
37.Nxe6+ Bxe6 38.Nc5 Bf7 39.Na6+ Kb7 40.Nc5+ Kc8 41.Bd1 Nc4 42.Ke2 Kd8 43.Bb3 Ke7
44.Nb7 Kd7 45.Na5  1/2-1/2

[Event "IBM-B"]
[Site "Amsterdam"]
[Date "1973.??.??"]
[Round "10"]
[White "Bellin, Robert"]
[Black "Jakobsen, Ole"]
[Result "0-1"]
[WhiteElo "2320"]
[BlackElo "2420"]

1.e4 g6 2.d4 Bg7 3.Nc3 d6 4.f4 Nc6 5.Be3 Nf6 6.Be2 O-O 7.Nf3 e6 8.Qd2 b6
9.O-O-O Bb7 10.h3 Ne7 11.Bd3 c5 12.dxc5 bxc5 13.e5 Nfd5 14.Ne4 Nxe3 15.Qxe3 Nf5
16.Qe1 c4 17.Nf6+ Bxf6 18.Bxf5 Bxf3 19.Rxd6 Qe7  0-1

[Event "Chicago"]
[Site "Chicago"]
[Date "1973.??.??"]
[Round "5"]
[White "Kaufman, Larry C"]
[Black "Commons, Kim S"]
[Result "0-1"]
[WhiteElo "2400"]
[BlackElo "2410"]

1.e4 g6 2.d4 Bg7 3.Nc3 d6 4.Nf3 Nf6 5.Be2 O-O 6.O-O c6 7.h3 Qc7 8.a4 a5 9.Be3 Na6
10.Qc1 Nb4 11.Bh6 e5 12.Bxg7 Kxg7 13.dxe5 dxe5 14.Bc4 Nd7 15.Rd1 Nc5 16.Qe3 b6
17.Rd2 Bb7 18.Rad1 Rae8 19.Nh2 h5 20.Qg3 Bc8 21.Nf3 Qe7 22.Ne1 Qf6 23.f3 h4
24.Qf2 Qg5 25.Kh1 Rd8 26.Rxd8 Rxd8 27.Rxd8 Qxd8 28.Kh2 Qg5 29.Nd3 Nbxd3 30.cxd3 Qd8
31.Qe3 Qd4 32.Qg5 f6 33.Qxh4 Nxd3 34.Bxd3 Qxd3 35.Qf2 Qd4 36.Qe2 Kf7 37.Kg3 Ke7
38.Kh2 Kd6 39.Qe1 g5 40.h4 Ke7 41.hxg5 fxg5 42.Qc1 Kf6 43.Nd5+ cxd5 44.Qxc8 dxe4
45.Qf8+ Ke6 46.Qg8+ Kd6 47.fxe4 Qxe4 48.Qxg5 Qd4 49.Qd8+ Kc5 50.Qe7+ Kc4
51.Qe6+ Kb4 52.b3 e4 53.Kg3 e3 54.Kh3 Ka3 55.Kg3 Qd3 56.Qxb6 e2+ 57.Kf2 Qd2
58.Qc5+ Ka2  0-1